000
00316nam a22001337a 4500
008
250318b |||||||| |||| 00| 0 eng d
020
_a
0521273978
050
_a
HD2326
_b
.I53
100
_a
NIL
245
_a
Industry and Money
260
_a
Cambridge
_b
Cambridge University Press
_c
NIL
300
_a
31p.
942
_c
BK
999
_c
2402
_d
2402